000 01093cab a2200265 4500
001 ABS67470
008 040203n2004 000 0 eng u
035 _a(Sirsi) u125002
100 _aParaskeva, C.
245 _aAsk the contractor how much it cost
260 _c2004
490 _aEstates Gazette
_v(0402) 10 January 2004, 88-89(2)
520 _aExamines the application of the contractor's method of valuation in connection with rating work. Article sets out the application of the five stages of establishing the rateable value using the contractor's method. More detailed guidance is available in the RICS publication "The contractor's basis of valuation for rating purposes: a guidance note" (ISBN 0854067124).
590 _aABS
650 _aCONTRACTORS METHOD
650 _aRENTAL VALUES
650 _aRATEABLE VALUE
650 _aESTIMATED REPLACEMENT COST
650 _aADJUSTED REPLACEMENT COST
650 _aLAND VALUES
650 _aDECAPITALISATION
650 _aRATING REVALUATION 2005
690 _aPROPERTY-PROPERTY APPRAISAL AND VALUATION
942 _n0
999 _c74107
_d74107